[Event "España ch-2015 sub-18"]
[Site "Salobrena ESP"]
[Date "2015.07.30"]
[Round "6.29"]
[White "Gonzalez Capacete, Jose Miguel"]
[Black "Cribilles Perez, Carlos"]
[Result "1-0"]
[WhiteElo "1977"]
[BlackElo "1844"]
[PlyCount "41"]
[EventDate "2015.07.27"]
[EventType "swiss"]
[EventRounds "9"]
[EventCountry "ESP"]
[Source "lmi"]
[SourceDate "2015.07.27"]

1. e4 c5 2. Nf3 Nc6 3. d4 cxd4 4. Nxd4 g6 5. Nc3 Bg7 6. Be3 Nf6 7. Bc4 O-O 8.
f3 e6 9. Nb3 d5 10. exd5 Ne5 11. Bb5 Nxd5 12. Bc5 Nxc3 13. bxc3 Nc6 14. Bxc6
Bxc3+ 15. Kf2 Bxa1 16. Qxa1 bxc6 17. Bxf8 Qxf8 18. Rd1 Qe7 19. Qc3 Qc7 20. Nc5
Rb8 21. Qf6 1-0

[Event "España ch-2015 sub-18"]
[Site "Salobrena ESP"]
[Date "2015.07.30"]
[Round "6.30"]
[White "Cruz Fernandez, Sergio"]
[Black "Pozanco Romasanta, Marc"]
[Result "0-1"]
[WhiteElo "1732"]
[BlackElo "2121"]
[PlyCount "76"]
[EventDate "2015.07.27"]
[EventType "swiss"]
[EventRounds "9"]
[EventCountry "ESP"]
[Source "lmi"]
[SourceDate "2015.07.27"]

1. c4 e5 2. Nc3 Nc6 3. e3 g6 4. g3 Bg7 5. Bg2 f5 6. Nge2 Nf6 7. d4 d6 8. a3 O-O
9. b4 Ne7 10. Bb2 Be6 11. c5 e4 12. O-O g5 13. h3 d5 14. a4 Qe8 15. Kh2 Nh5 16.
Bc1 Bh6 17. Rg1 Kh8 18. f4 exf3 19. Bxf3 g4 20. Bg2 gxh3 21. Bxh3 Nf6 22. Nf4
Bf7 23. Qf3 Rg8 24. Nce2 Ne4 25. Ra3 Rg5 26. g4 Qg8 27. gxf5 Rf8 28. Rxg5 Nxg5
29. Qg4 Be8 30. Ne6 Nxe6 31. Qxg8+ Kxg8 32. e4 Bxc1 33. Rg3+ Kh8 34. exd5 Nf4
35. Nxc1 Nxh3 36. d6 cxd6 37. cxd6 Nxf5 38. Rxh3 Nxd6 0-1

[Event "España ch-2015 sub-18"]
[Site "Salobrena ESP"]
[Date "2015.07.30"]
[Round "6.31"]
[White "Santos Martinez, Guillermo"]
[Black "Garcia Martinez de la Hidalga, Alber"]
[Result "1-0"]
[WhiteElo "1940"]
[BlackElo "1732"]
[PlyCount "111"]
[EventDate "2015.07.27"]
[EventType "swiss"]
[EventRounds "9"]
[EventCountry "ESP"]
[Source "lmi"]
[SourceDate "2015.07.27"]

1. d4 d5 2. c4 e6 3. Nc3 Nf6 4. cxd5 exd5 5. Bg5 Nbd7 6. e3 Be7 7. Nf3 O-O 8.
Bd3 h6 9. Bh4 c6 10. O-O Re8 11. Qc2 Nf8 12. Rab1 Be6 13. b4 Rc8 14. Rfc1 N8d7
15. Na4 Bg4 16. Nd2 b5 17. Nc5 Nb6 18. a4 Nc4 19. Nxc4 dxc4 20. Bf5 Bxf5 21.
Qxf5 Qd5 22. Qxd5 Nxd5 23. Bxe7 Rxe7 24. g3 f5 25. axb5 cxb5 26. Nd3 Kf7 27.
Ne5+ Ke6 28. Kf1 a6 29. Ke2 Nf6 30. f3 Nd7 31. Ra1 Nxe5 32. dxe5 Rd8 33. Rxa6+
Kxe5 34. f4+ Ke4 35. Rc6 Rd3 36. R1xc4+ bxc4 37. Rxc4+ Kd5 38. Kxd3 Rxe3+ 39.
Kxe3 Kxc4 40. b5 Kxb5 41. Kd4 Kc6 42. Ke5 Kd7 43. Kxf5 Ke7 44. Kg6 Kf8 45. f5
Kg8 46. h4 Kf8 47. h5 Kg8 48. f6 gxf6 49. Kxf6 Kh7 50. Kf7 Kh8 51. Kg6 Kg8 52.
Kxh6 Kh8 53. g4 Kg8 54. g5 Kh8 55. g6 Kg8 56. g7 1-0

[Event "España ch-2015 sub-18"]
[Site "Salobrena ESP"]
[Date "2015.07.30"]
[Round "6.32"]
[White "Ruiz Sicilia, Juan Carlos"]
[Black "Gallego Sosa, Clara"]
[Result "1-0"]
[WhiteElo "1911"]
[BlackElo "1723"]
[PlyCount "89"]
[EventDate "2015.07.27"]
[EventType "swiss"]
[EventRounds "9"]
[EventCountry "ESP"]
[Source "lmi"]
[SourceDate "2015.07.27"]

1. c4 e5 2. Nc3 Nc6 3. Nf3 f5 4. d3 Bc5 5. g3 Nf6 6. Bg5 d6 7. Bxf6 Qxf6 8. Nd5
Qd8 9. Bg2 O-O 10. O-O Be6 11. Nd2 Rc8 12. Nb3 Bd4 13. Nxd4 Nxd4 14. e3 Nc6 15.
a3 b6 16. b4 Nb8 17. Qb3 c6 18. Nc3 f4 19. exf4 exf4 20. Qd1 Qf6 21. Ne4 Qd4
22. Qh5 d5 23. Ng5 Bf5 24. cxd5 cxd5 25. Qh4 h6 26. Nh3 Bxh3 27. Qxh3 Rc3 28.
Qe6+ Kh8 29. Qd6 Rcc8 30. Qxd5 Rcd8 31. Qxd4 Rxd4 32. Be4 Nd7 33. Rac1 Ne5 34.
Rc7 Nxd3 35. Bxd3 Rxd3 36. Rxa7 f3 37. h4 Rb3 38. Kh2 Rb2 39. g4 Rf6 40. Kg3
Kh7 41. Re1 Rb3 42. Ree7 Rg6 43. h5 Rg5 44. Ra8 b5 45. Ree8 1-0

[Event "España ch-2015 sub-18"]
[Site "Salobrena ESP"]
[Date "2015.07.30"]
[Round "6.33"]
[White "Martinez Hernandez, Paula"]
[Black "Ferreiro Diaz, Miguel"]
[Result "1-0"]
[WhiteElo "1714"]
[BlackElo "1897"]
[PlyCount "63"]
[EventDate "2015.07.27"]
[EventType "swiss"]
[EventRounds "9"]
[EventCountry "ESP"]
[Source "lmi"]
[SourceDate "2015.07.27"]

1. e4 e5 2. Nf3 Nc6 3. d4 exd4 4. Nxd4 Bb4+ 5. c3 Bc5 6. Nxc6 bxc6 7. Bd3 d6 8.
O-O Nf6 9. Qf3 Ng4 10. Bf4 Qf6 11. Nd2 Ne5 12. Bxe5 Qxe5 13. Bc4 O-O 14. Qd3
Rb8 15. Nb3 Be6 16. Kh1 Rfe8 17. Rae1 Qh5 18. f4 Bb6 19. f5 Bc8 20. Qg3 Re5 21.
Rf4 Qh6 22. Nd2 Bd7 23. Nf3 Bf2 24. Qxf2 Qxf4 25. g3 Qh6 26. Nxe5 dxe5 27. Qxa7
Rf8 28. Qxc7 Qd2 29. Re2 Qd1+ 30. Kg2 g6 31. Qxe5 Re8 32. Qd4 1-0

[Event "España ch-2015 sub-18"]
[Site "Salobrena ESP"]
[Date "2015.07.30"]
[Round "6.34"]
[White "Alfaro Garcia del Cerro, Juan L"]
[Black "Rodriguez Garcia, Miguel"]
[Result "1-0"]
[WhiteElo "1872"]
[BlackElo "1695"]
[PlyCount "67"]
[EventDate "2015.07.27"]
[EventType "swiss"]
[EventRounds "9"]
[EventCountry "ESP"]
[Source "lmi"]
[SourceDate "2015.07.27"]

1. d4 c6 2. Nf3 d5 3. c4 Nf6 4. Qc2 dxc4 5. e4 Bg4 6. Bxc4 e6 7. Be3 Nbd7 8.
Nc3 Bb4 9. a3 Qa5 10. Nd2 Bxc3 11. bxc3 Bh5 12. O-O Qc7 13. e5 Nd5 14. Ne4 Bg6
15. Bd3 O-O 16. Ng5 Nxe3 17. fxe3 Qd8 18. Nxh7 Nxe5 19. Bxg6 Nxg6 20. Nxf8 Kxf8
21. Qxg6 Qc7 22. Rf3 f6 23. Rh3 Kg8 24. Rf1 Qe7 25. Rg3 Rf8 26. h4 f5 27. h5
Rf6 28. Qg5 Kh7 29. h6 g6 30. e4 Qf8 31. e5 Rf7 32. Qxg6+ Kh8 33. Qxe6 f4 34.
Rg7 1-0

[Event "España ch-2015 sub-18"]
[Site "Salobrena ESP"]
[Date "2015.07.30"]
[Round "6.35"]
[White "Perez Gonzalez, Daniel"]
[Black "Leonor Velasco, David"]
[Result "1-0"]
[WhiteElo "1852"]
[BlackElo "1659"]
[PlyCount "95"]
[EventDate "2015.07.27"]
[EventType "swiss"]
[EventRounds "9"]
[EventCountry "ESP"]
[Source "lmi"]
[SourceDate "2015.07.27"]

1. e4 c6 2. d4 d5 3. Nc3 dxe4 4. Nxe4 Bf5 5. Ng3 Bg6 6. Bc4 e6 7. N1e2 Bd6 8.
O-O Qc7 9. f4 Nf6 10. f5 exf5 11. Nxf5 Bxf5 12. Rxf5 Bxh2+ 13. Kh1 Nbd7 14. Rg5
Ne4 15. Rf5 f6 16. Bd3 Ng3+ 17. Nxg3 Bxg3 18. Qe2+ Kf8 19. Bd2 Re8 20. Qg4 Bd6
21. Raf1 Re7 22. Rh5 h6 23. Bg6 Nb6 24. Rhf5 Nd5 25. Qh3 Re2 26. Qd3 Qe7 27. a3
Bc7 28. c4 Qd6 29. Rh5 Rxd2 30. Qxd2 Nf4 31. Rxf4 Qxf4 32. Qe1 Be5 33. dxe5 Qg4
34. Qe4 Qxe4 35. Bxe4 Kf7 36. exf6 Kxf6 37. Rf5+ Ke6 38. Rf2 Rd8 39. b3 Rd1+
40. Kh2 Ra1 41. a4 Rd1 42. Re2 Kd6 43. b4 Rd4 44. c5+ Kc7 45. Bf5 Rxb4 46. Re7+
Kb8 47. Re8+ Kc7 48. Rc8# 1-0

[Event "España ch-2015 sub-18"]
[Site "Salobrena ESP"]
[Date "2015.07.30"]
[Round "6.36"]
[White "De la Calle Fuentes, Sergio"]
[Black "Soriano Gracia, Manuel"]
[Result "0-1"]
[WhiteElo "1712"]
[BlackElo "1844"]
[PlyCount "106"]
[EventDate "2015.07.27"]
[EventType "swiss"]
[EventRounds "9"]
[EventCountry "ESP"]
[Source "lmi"]
[SourceDate "2015.07.27"]

1. e4 e5 2. Nf3 Nc6 3. Bc4 Bc5 4. c3 Nf6 5. d3 d6 6. Bb3 Bb6 7. Nbd2 a6 8. Nf1
Be6 9. Bc2 Qd7 10. Be3 Bxe3 11. Nxe3 Ng4 12. Qd2 Nxe3 13. Qxe3 f6 14. Nd2 O-O-O
15. b4 d5 16. exd5 Bxd5 17. f3 Nb8 18. a4 Qc6 19. c4 Be6 20. b5 axb5 21. axb5
Qb6 22. Qe2 Qd4 23. Ra2 c6 24. bxc6 Nxc6 25. Nb3 Qc3+ 26. Kf2 Nd4 27. Nxd4
Qxd4+ 28. Qe3 Kc7 29. Rb1 Qxe3+ 30. Kxe3 Ra8 31. Rab2 Rhb8 32. Ke2 Ra3 33. Kd2
Bd7 34. Ke2 Bc6 35. Kd2 h6 36. Rb3 Rxb3 37. Rxb3 Ra8 38. Bb1 Kd6 39. Ke3 Kc5
40. g3 g5 41. Ke2 Kd4 42. Kf2 f5 43. Ke2 f4 44. g4 h5 45. h3 hxg4 46. hxg4 Rh8
47. Kf2 Rh2+ 48. Kg1 Rd2 49. Kf1 Bxf3 50. Ke1 Rh2 51. Kf1 Bc6 52. Kg1 Rd2 53.
Kf1 Ke3 0-1

[Event "España ch-2015 sub-18"]
[Site "Salobrena ESP"]
[Date "2015.07.30"]
[Round "6.37"]
[White "Gonzalez Fernandez, Pedro"]
[Black "Garreta Nieto, Maria"]
[Result "1-0"]
[WhiteElo "1825"]
[BlackElo "1627"]
[PlyCount "91"]
[EventDate "2015.07.27"]
[EventType "swiss"]
[EventRounds "9"]
[EventCountry "ESP"]
[Source "lmi"]
[SourceDate "2015.07.27"]

1. e4 d5 2. exd5 Qxd5 3. Nc3 Qd6 4. d4 Nf6 5. Nf3 g6 6. Nb5 Qd8 7. Bf4 Na6 8.
c4 c6 9. Nc3 Nc7 10. Be2 Bg7 11. Be5 O-O 12. O-O Bf5 13. Nh4 Bc8 14. f4 e6 15.
Nf3 b6 16. Ng5 Bb7 17. Bf3 Qd7 18. Nge4 Nxe4 19. Nxe4 f6 20. Bd6 Rfd8 21. c5
Nd5 22. Re1 Re8 23. Qd2 Bf8 24. Bxf8 Rxf8 25. Nd6 Rab8 26. Re4 Nc7 27. Rae1 f5
28. Re5 Rf6 29. Qe3 Bc8 30. Bd1 Nd5 31. Qd2 Qc7 32. Ne8 Qf7 33. Nxf6+ Qxf6 34.
Bb3 Nc7 35. Qb4 Bd7 36. cxb6 axb6 37. Qd6 Qd8 38. R5e3 Kf7 39. Rc1 Rc8 40. Bc4
Rb8 41. Ra3 Rb7 42. Re1 b5 43. Bxe6+ Nxe6 44. Rxe6 Kg8 45. Re7 Qb6 46. Qf6 1-0

[Event "España ch-2015 sub-18"]
[Site "Salobrena ESP"]
[Date "2015.07.30"]
[Round "6.38"]
[White "Barranco Mananet, Fernando"]
[Black "Hevia Fernandez, Guillermo"]
[Result "0-1"]
[WhiteElo "1598"]
[BlackElo "1795"]
[PlyCount "64"]
[EventDate "2015.07.27"]
[EventType "swiss"]
[EventRounds "9"]
[EventCountry "ESP"]
[Source "lmi"]
[SourceDate "2015.07.27"]

1. c4 c5 2. Nf3 Nf6 3. Nc3 e6 4. g3 b6 5. Bg2 Bb7 6. O-O Be7 7. e3 d6 8. d4
cxd4 9. exd4 Nbd7 10. Bf4 O-O 11. Rc1 a6 12. Re1 Rc8 13. b3 Qc7 14. Na4 Nh5 15.
Be3 Qb8 16. Nb2 Nhf6 17. b4 Rfe8 18. a3 Bf8 19. Qb3 Qa8 20. Nh4 Bxg2 21. Nxg2
e5 22. dxe5 Nxe5 23. Red1 Nf3+ 24. Kh1 Rxe3 25. fxe3 Ng4 26. Rc2 Re8 27. Rd5
Qc8 28. e4 Ngxh2 29. Nf4 Qg4 30. Rxh2 Qxg3 31. Qxf3 Qxf3+ 32. Ng2 Qf1# 0-1

[Event "España ch-2015 sub-18"]
[Site "Salobrena ESP"]
[Date "2015.07.30"]
[Round "6.39"]
[White "Laseca Arana, Irati"]
[Black "Donadio Falcon, Pablo"]
[Result "1-0"]
[WhiteElo "1597"]
[BlackElo "1737"]
[PlyCount "77"]
[EventDate "2015.07.27"]
[EventType "swiss"]
[EventRounds "9"]
[EventCountry "ESP"]
[Source "lmi"]
[SourceDate "2015.07.27"]

1. e4 c5 2. Nf3 d6 3. d4 cxd4 4. Nxd4 Nf6 5. Nc3 a6 6. Bg5 e6 7. Qd2 Be7 8. Bd3
Qc7 9. O-O Nbd7 10. Kh1 b5 11. f4 Bb7 12. Rae1 Rc8 13. Qe2 Qb6 14. Nf3 b4 15.
Na4 Qc6 16. b3 e5 17. Nb2 h6 18. Bh4 exf4 19. Nd4 Qc5 20. Bf2 Qc7 21. Nf5 g6
22. Nxe7 Kxe7 23. Bd4 Ne5 24. Rxf4 Nh5 25. Rf2 f6 26. Nc4 Rcf8 27. Ne3 Qc8 28.
Nd5+ Kf7 29. Nxb4 a5 30. Nd5 Kg7 31. Ref1 Ng4 32. Rf3 Ne5 33. Bxe5 fxe5 34. g4
Qxg4 35. Rf7+ Rxf7 36. Rxf7+ Kxf7 37. Qxg4 Rd8 38. Bc4 Ke8 39. Kg2 1-0

[Event "España ch-2015 sub-18"]
[Site "Salobrena ESP"]
[Date "2015.07.30"]
[Round "6.40"]
[White "Arrese-Igor Royuela, Alex"]
[Black "Sanchez Ruesga, Carlos"]
[Result "1/2-1/2"]
[WhiteElo "1693"]
[BlackElo "1933"]
[PlyCount "94"]
[EventDate "2015.07.27"]
[EventType "swiss"]
[EventRounds "9"]
[EventCountry "ESP"]
[Source "lmi"]
[SourceDate "2015.07.27"]

1. d4 f5 2. Nf3 Nf6 3. e3 d5 4. Bd3 e6 5. c4 c6 6. O-O Bd6 7. b3 O-O 8. Ba3
Bxa3 9. Nxa3 Qd6 10. Nb1 Nbd7 11. Qe2 Ne4 12. Nfd2 e5 13. f4 exd4 14. exd4 Nxd2
15. Nxd2 Nf6 16. c5 Qc7 17. Qf2 Re8 18. Rfe1 Bd7 19. Qh4 Ng4 20. Qg3 Qa5 21.
Nf3 Qc3 22. Bf1 a5 23. h3 Nf6 24. Qf2 Re4 25. Rac1 Qb4 26. Rxe4 Nxe4 27. Qe1
Qa3 28. Bd3 Qxa2 29. Bxe4 dxe4 30. Ne5 Be6 31. Ra1 Qb2 32. Rxa5 Qxd4+ 33. Kh2
Rd8 34. Ra7 e3 35. Qg3 Bc8 36. Ra2 Qd2 37. Qg5 Qd5 38. Re2 Re8 39. Rxe3 Qxc5
40. Rd3 Be6 41. Rd8 Qf8 42. Rd3 Qf6 43. Qg3 Bd5 44. Re3 Be4 45. Nd7 Qd6 46. Ne5
b5 47. Rc3 Rd8 1/2-1/2

[Event "España ch-2015 sub-18"]
[Site "Salobrena ESP"]
[Date "2015.07.31"]
[Round "7.1"]
[White "Suarez Gomez, Julio"]
[Black "Navarrete Espi, Samuel"]
[Result "1-0"]
[WhiteElo "2400"]
[BlackElo "2329"]
[PlyCount "71"]
[EventDate "2015.07.27"]
[EventType "swiss"]
[EventRounds "9"]
[EventCountry "ESP"]
[Source "lmi"]
[SourceDate "2015.07.27"]

1. e4 e5 2. Nf3 Nc6 3. Bb5 a6 4. Bxc6 dxc6 5. O-O f6 6. d4 Bg4 7. c3 Bd6 8.
Nbd2 Ne7 9. h3 Bh5 10. dxe5 fxe5 11. Nc4 Bxf3 12. Qxf3 Ng6 13. Be3 Qe7 14. Rad1
Nf4 15. Bxf4 O-O 16. Qd3 exf4 17. Nxd6 cxd6 18. Qxd6 Qxe4 19. Rfe1 Qf5 20. Qd7
Qf6 21. Qe7 Qg6 22. Rd6 Qh5 23. Rd7 Rf7 24. Qe6 Qf5 25. Qxf5 Rxf5 26. Ree7 Rg5
27. Rxb7 Rd8 28. Rbd7 Rb8 29. b3 a5 30. Rf7 Re8 31. Rxf4 Re1+ 32. Kh2 h6 33. h4
Rg6 34. h5 Rg5 35. Rd8+ Kh7 36. g4 1-0

[Event "España ch-2015 sub-18"]
[Site "Salobrena ESP"]
[Date "2015.07.31"]
[Round "7.2"]
[White "Martin Garcia, Guillermo"]
[Black "Garriga Cazorla, Pere"]
[Result "0-1"]
[WhiteElo "2240"]
[BlackElo "2461"]
[PlyCount "60"]
[EventDate "2015.07.27"]
[EventType "swiss"]
[EventRounds "9"]
[EventCountry "ESP"]
[Source "lmi"]
[SourceDate "2015.07.27"]

1. e4 e5 2. Nf3 Nc6 3. Bc4 Bc5 4. c3 Nf6 5. d3 O-O 6. Bb3 d5 7. Qe2 a5 8. a4
Be6 9. Nbd2 Qd7 10. O-O Rfe8 11. Re1 Rad8 12. Bc2 h6 13. Nf1 Ng4 14. Ne3 Nxe3
15. Bxe3 Bxe3 16. Qxe3 f5 17. exf5 Bxf5 18. Nh4 Bh7 19. Qg3 Qf7 20. Re3 Kh8 21.
Nf3 e4 22. Nd4 Nxd4 23. cxd4 Qf6 24. Rae1 Qxd4 25. Qxc7 Rc8 26. Qd7 Rf8 27. Bd1
exd3 28. Rf3 Be4 29. Rfe3 d2 30. Rf1 Bd3 0-1

[Event "España ch-2015 sub-18"]
[Site "Salobrena ESP"]
[Date "2015.07.31"]
[Round "7.3"]
[White "Santos Ruiz, Miguel"]
[Black "Ribera Cebolla, Marc"]
[Result "1/2-1/2"]
[WhiteElo "2329"]
[BlackElo "2146"]
[PlyCount "75"]
[EventDate "2015.07.27"]
[EventType "swiss"]
[EventRounds "9"]
[EventCountry "ESP"]
[Source "lmi"]
[SourceDate "2015.07.27"]

1. e4 c5 2. Nf3 Nc6 3. Bb5 d6 4. Bxc6+ bxc6 5. O-O e5 6. c3 g5 7. d4 g4 8. Nfd2
cxd4 9. cxd4 exd4 10. Nc4 c5 11. Re1 Be6 12. Nba3 Be7 13. Bf4 Kf8 14. Rc1 Rb8
15. Qd2 Kg7 16. b3 h5 17. e5 d5 18. Nd6 Qb6 19. Qc2 c4 20. bxc4 Qc5 21. cxd5
Qxd5 22. Nac4 Nh6 23. Qd2 h4 24. Bg5 h3 25. f3 Ng8 26. Rb1 Rxb1 27. Rxb1 Rh5
28. Bxe7 Nxe7 29. Ne8+ Kg6 30. fxg4 Bxg4 31. Nf6 Qxc4 32. Nxg4 d3 33. Ne3 Qd4
34. Rb4 Qa1+ 35. Kf2 Qxe5 36. Qxd3+ Kg7 37. Rg4+ Ng6 38. Qd4 1/2-1/2

[Event "España ch-2015 sub-18"]
[Site "Salobrena ESP"]
[Date "2015.07.31"]
[Round "7.4"]
[White "Balbuena Fuentes, Mario"]
[Black "Buendia Pinar, Alvaro"]
[Result "1/2-1/2"]
[WhiteElo "2265"]
[BlackElo "2134"]
[PlyCount "99"]
[EventDate "2015.07.27"]
[EventType "swiss"]
[EventRounds "9"]
[EventCountry "ESP"]
[Source "lmi"]
[SourceDate "2015.07.27"]

1. e4 c6 2. d4 d5 3. e5 c5 4. dxc5 e6 5. Qg4 Nd7 6. Nf3 Ne7 7. Nc3 Ng6 8. Qg3
Nxc5 9. Bd3 Nxd3+ 10. cxd3 a6 11. h4 Ne7 12. Nd4 Qb6 13. Be3 Qxb2 14. Rc1 Nc6
15. O-O Nxd4 16. Bxd4 Qb4 17. Ne2 Qa5 18. Nf4 g6 19. h5 Be7 20. Qh3 g5 21. Ne2
Rg8 22. h6 Bd7 23. Qe3 Bd8 24. Ng3 Rc8 25. Nh5 Rg6 26. Rxc8 Bxc8 27. Nf6+ Bxf6
28. exf6 Bd7 29. Qe5 Bc6 30. Rb1 Qd8 31. Bb6 Qc8 32. Bc5 Qd8 33. Bb6 Qc8 34.
Bc5 Qd8 35. Be7 Qc8 36. d4 g4 37. Bc5 Qd8 38. Bb6 Qc8 39. Qf4 Kf8 40. Rc1 Kg8
41. g3 Qf8 42. Bc5 Qd8 43. Be7 Qc8 44. Kg2 Qe8 45. Re1 Bd7 46. Rc1 Bc6 47. Re1
Bd7 48. Rc1 Bc6 49. Rh1 Bb5 50. Rc1 1/2-1/2

[Event "España ch-2015 sub-18"]
[Site "Salobrena ESP"]
[Date "2015.07.31"]
[Round "7.5"]
[White "Ventura Bolet, Maxim"]
[Black "Bernabeu Lopez, Carlos Javier"]
[Result "1-0"]
[WhiteElo "2080"]
[BlackElo "2142"]
[PlyCount "71"]
[EventDate "2015.07.27"]
[EventType "swiss"]
[EventRounds "9"]
[EventCountry "ESP"]
[Source "lmi"]
[SourceDate "2015.07.27"]

1. Nf3 Nf6 2. g3 g6 3. Bg2 Bg7 4. O-O O-O 5. d4 d5 6. c4 c6 7. Qa4 dxc4 8. Qxc4
Nbd7 9. Qc2 Re8 10. Nc3 Qa5 11. Bf4 Nb6 12. e4 Qh5 13. Ne5 Ng4 14. Nxg4 Bxg4
15. e5 Bh3 16. Rad1 Rad8 17. b3 Bxg2 18. Kxg2 Nd5 19. Nxd5 Rxd5 20. Be3 Qg4 21.
f4 Red8 22. Rde1 Qd7 23. Rf2 Bf8 24. Ref1 e6 25. h4 c5 26. dxc5 Qc6 27. Kh3
Bxc5 28. Bxc5 Rxc5 29. Qe2 Qd5 30. h5 Kg7 31. Qg4 Qe4 32. h6+ Kf8 33. Qh4 Rd3
34. Kh2 Rcc3 35. Qf6 Rxg3 36. Rh1 1-0

[Event "España ch-2015 sub-18"]
[Site "Salobrena ESP"]
[Date "2015.07.31"]
[Round "7.6"]
[White "Aymerich Verdaguer, Eduard"]
[Black "Abal Cores, Lucas"]
[Result "0-1"]
[WhiteElo "2091"]
[BlackElo "2373"]
[PlyCount "56"]
[EventDate "2015.07.27"]
[EventType "swiss"]
[EventRounds "9"]
[EventCountry "ESP"]
[Source "lmi"]
[SourceDate "2015.07.27"]

1. d4 Nf6 2. c4 e6 3. Nf3 b6 4. g3 Bb7 5. Bg2 Be7 6. Nc3 O-O 7. Qc2 Na6 8. O-O
d5 9. Ne5 c5 10. dxc5 Bxc5 11. Bg5 Be7 12. Rfd1 Qc7 13. Bf4 Qc8 14. cxd5 Nb4
15. Qa4 Nfxd5 16. Nxd5 Bxd5 17. Rac1 Qb7 18. Bxd5 Nxd5 19. Nc6 Rfc8 20. e4 Nxf4
21. gxf4 Bc5 22. Ne5 b5 23. Qa5 Bb6 24. Qe1 Qe7 25. Rd7 Qh4 26. Rxc8+ Rxc8 27.
Qd2 f6 28. Rc7 Qxf2+ 0-1

[Event "España ch-2015 sub-18"]
[Site "Salobrena ESP"]
[Date "2015.07.31"]
[Round "7.8"]
[White "Porta Tovar, Oriol"]
[Black "Sanchez Vigon, David"]
[Result "1-0"]
[WhiteElo "2084"]
[BlackElo "2201"]
[PlyCount "57"]
[EventDate "2015.07.27"]
[EventType "swiss"]
[EventRounds "9"]
[EventCountry "ESP"]
[Source "lmi"]
[SourceDate "2015.07.27"]

1. e4 c5 2. Nf3 d6 3. d4 cxd4 4. Nxd4 Nf6 5. Nc3 a6 6. Be3 e5 7. Nb3 Be7 8. f3
Be6 9. Qd2 O-O 10. O-O-O a5 11. a4 Nc6 12. g4 Nb4 13. Kb1 d5 14. g5 Ne8 15.
Nxd5 Nxd5 16. exd5 Bf5 17. Rg1 Nd6 18. Bd3 Bxd3 19. Qxd3 Qe8 20. Rg4 b5 21.
axb5 Nxb5 22. c4 a4 23. cxb5 axb3 24. d6 Bd8 25. Qxb3 Qd7 26. Qd5 Rb8 27. Rb4
Ba5 28. Rb3 Rfc8 29. b6 1-0

[Event "España ch-2015 sub-18"]
[Site "Salobrena ESP"]
[Date "2015.07.31"]
[Round "7.9"]
[White "Fernandez Alvarez, Luis"]
[Black "Garcia Martin, Marta"]
[Result "0-1"]
[WhiteElo "2059"]
[BlackElo "2166"]
[PlyCount "120"]
[EventDate "2015.07.27"]
[EventType "swiss"]
[EventRounds "9"]
[EventCountry "ESP"]
[Source "lmi"]
[SourceDate "2015.07.27"]

1. e4 c5 2. Nf3 e6 3. g3 Nc6 4. Bg2 Nf6 5. Qe2 e5 6. O-O Be7 7. c3 O-O 8. Re1
Re8 9. d3 h6 10. Nbd2 Bf8 11. a4 d5 12. exd5 Nxd5 13. Nc4 Bg4 14. Qf1 f6 15.
Nfd2 Be6 16. Nb3 Qd7 17. Be3 Nxe3 18. Rxe3 b6 19. Rae1 Bf7 20. Be4 Rad8 21. Nc1
Ne7 22. a5 b5 23. Na3 a6 24. Nc2 Qc7 25. Qg2 Qxa5 26. R3e2 Rd6 27. Ne3 Red8 28.
f4 exf4 29. gxf4 Kh8 30. Kh1 Nd5 31. Nxd5 Rxd5 32. Qh3 R5d6 33. Kg1 Qb6 34. Qg3
a5 35. h3 a4 36. Kh2 b4 37. c4 Qa7 38. Rg2 a3 39. Nb3 Ra6 40. Ra1 axb2 41. Rb1
Ra2 42. Rbxb2 Rxb2 43. Rxb2 Qa3 44. Qf2 Rd7 45. Qc2 Ra7 46. Kg3 Bd6 47. Nc1 Qa1
48. Ne2 Qe1+ 49. Kg2 Ra1 50. Ra2 Bh5 51. Rxa1 Qxa1 52. Ng3 Be8 53. Nf5 Bxf4 54.
Qf2 Qe5 55. Qc2 Bd7 56. d4 cxd4 57. c5 b3 58. Qb1 Bxf5 59. Bxf5 Qe2+ 60. Kg1
Be3+ 0-1

[Event "España ch-2015 sub-18"]
[Site "Salobrena ESP"]
[Date "2015.07.31"]
[Round "7.10"]
[White "Garcia Martinez, Marcos"]
[Black "Perez Tores, Juan Miguel"]
[Result "1/2-1/2"]
[WhiteElo "2044"]
[BlackElo "2129"]
[PlyCount "82"]
[EventDate "2015.07.27"]
[EventType "swiss"]
[EventRounds "9"]
[EventCountry "ESP"]
[Source "lmi"]
[SourceDate "2015.07.27"]

1. d4 Nf6 2. g3 g6 3. Bg2 Bg7 4. e4 d6 5. Nc3 O-O 6. Nge2 e5 7. h3 Nc6 8. Be3
Nd7 9. f4 exf4 10. gxf4 Nb6 11. b3 Ne7 12. a4 a5 13. Ng3 d5 14. e5 Nf5 15. Nxf5
Bxf5 16. Ne2 Qe7 17. O-O c6 18. Ng3 Qd7 19. Nxf5 Qxf5 20. Rc1 f6 21. Qg4 fxe5
22. Qxf5 Rxf5 23. fxe5 Rxf1+ 24. Rxf1 Rf8 25. Bd2 Ra8 26. h4 Nd7 27. Bh3 Nf8
28. b4 axb4 29. Bxb4 b6 30. Bd6 Rxa4 31. Bxf8 Bxf8 32. Be6+ Kg7 33. Rf7+ Kh6
34. Rxf8 Rxd4 35. Bd7 Kg7 36. Rf2 c5 37. e6 Re4 38. Kf1 h6 39. Re2 Rxe2 40.
Kxe2 Kf6 41. Kd3 b5 1/2-1/2

[Event "España ch-2015 sub-18"]
[Site "Salobrena ESP"]
[Date "2015.07.31"]
[Round "7.11"]
[White "Perez Pacheco, Ricardo"]
[Black "Gomez Dieguez, Adrian"]
[Result "1/2-1/2"]
[WhiteElo "2033"]
[BlackElo "2124"]
[PlyCount "72"]
[EventDate "2015.07.27"]
[EventType "swiss"]
[EventRounds "9"]
[EventCountry "ESP"]
[Source "lmi"]
[SourceDate "2015.07.27"]

1. e4 e5 2. Nf3 Nc6 3. Bc4 Bc5 4. O-O Nf6 5. d4 Bxd4 6. Nxd4 Nxd4 7. f4 Nc6 8.
Bxf7+ Ke7 9. fxe5 Nxe5 10. Bb3 d6 11. Bg5 Qe8 12. Nc3 c6 13. Qd2 Bg4 14. h3 Be6
15. Bxe6 Kxe6 16. Bxf6 gxf6 17. Ne2 Qf8 18. Nf4+ Kd7 19. Nh5 Kc7 20. Rxf6 Qe7
21. Rd1 Rad8 22. Rdf1 Rdf8 23. Qh6 Rxf6 24. Rxf6 Rg8 25. Rf2 Rg6 26. Qf4 Qe6
27. Qe3 Qxa2 28. b3 Qa1+ 29. Kh2 Nd7 30. Nf4 Rf6 31. c3 Qa5 32. Qd4 Qe5 33. g3
Kb8 34. Qc4 Rf8 35. b4 h5 36. Qd4 c5 1/2-1/2

[Event "España ch-2015 sub-18"]
[Site "Salobrena ESP"]
[Date "2015.07.31"]
[Round "7.12"]
[White "Fernandez Cano, Victor"]
[Black "Portela Peleteiro, Alberto"]
[Result "0-1"]
[WhiteElo "1956"]
[BlackElo "2105"]
[PlyCount "62"]
[EventDate "2015.07.27"]
[EventType "swiss"]
[EventRounds "9"]
[EventCountry "ESP"]
[Source "lmi"]
[SourceDate "2015.07.27"]

1. d4 d5 2. c4 e6 3. Nc3 c6 4. e3 Bd6 5. Nf3 Nd7 6. Bd3 f5 7. cxd5 cxd5 8. Bd2
a6 9. Qa4 Rb8 10. Ne2 Qe7 11. Rc1 Ngf6 12. a3 b5 13. Qb3 Nb6 14. Ne5 Bd7 15.
Nxd7 Qxd7 16. Bb4 Nc4 17. Bxd6 Qxd6 18. Rc2 Ke7 19. O-O Rhc8 20. Rfc1 g6 21.
Qa2 Nd7 22. a4 Qb4 23. Nc3 Kd8 24. axb5 axb5 25. b3 Na3 26. Nxb5 Rxc2 27. Rxc2
Nxc2 28. Na7 Qc3 29. Qa6 Rb6 30. Qa4 Qxd3 31. h3 Qa6 0-1

[Event "España ch-2015 sub-18"]
[Site "Salobrena ESP"]
[Date "2015.07.31"]
[Round "7.13"]
[White "Buiza Prieto, Eihartze"]
[Black "Picos Maiztegui, Miguel"]
[Result "1-0"]
[WhiteElo "2095"]
[BlackElo "2023"]
[PlyCount "33"]
[EventDate "2015.07.27"]
[EventType "swiss"]
[EventRounds "9"]
[EventCountry "ESP"]
[Source "lmi"]
[SourceDate "2015.07.27"]

1. g3 d5 2. Nf3 e6 3. Bg2 c5 4. c4 Nc6 5. cxd5 exd5 6. d4 cxd4 7. Nxd4 Qf6 8.
Nxc6 bxc6 9. O-O Bd6 10. e4 dxe4 11. Nc3 Bc7 12. Nxe4 Qg6 13. Re1 Ne7 14. Nd6+
Bxd6 15. Bxc6+ Kf8 16. Bxa8 h5 17. Bf4 1-0